[Event "La Fere op 11th"]
[Site "La Fere"]
[Date "2012.07.10"]
[Round "5"]
[White "Mancini, Mario"]
[Black "Mestdagh, Franck"]
[Result "1-0"]
[WhiteElo "2282"]
[BlackElo "1975"]
[PlyCount "25"]
[EventDate "2012.07.07"]
[EventType "swiss"]
[EventRounds "9"]
[EventCountry "FRA"]
[SourceTitle "CBM 149 Extra"]
[Source "ChessBase"]
[SourceDate "2012.08.24"]
[SourceVersion "1"]
[SourceVersionDate "2012.08.24"]
[SourceQuality "1"]

1. d4 c5 2. d5 Nf6 3. Nc3 a6 4. e4 Qc7 5. Nf3 e6 6. Bg5 Be7 7. a4 b6 8. Bc4 e5 9. Bxf6 gxf6 10. d6 Bxd6 11. Qd5 Rf8 12. 0-0-0 Ke7 13. Nh4 1-0

[Event "La Fere op 11th"]
[Site "La Fere"]
[Date "2012.07.09"]
[Round "4"]
[White "Mestdagh, Franck"]
[Black "Paillard, Maximilien"]
[Result "1-0"]
[WhiteElo "1975"]
[BlackElo "1741"]
[PlyCount "65"]
[EventDate "2012.07.07"]
[EventType "swiss"]
[EventRounds "9"]
[EventCountry "FRA"]
[SourceTitle "CBM 149 Extra"]
[Source "ChessBase"]
[SourceDate "2012.08.24"]
[SourceVersion "1"]
[SourceVersionDate "2012.08.24"]
[SourceQuality "1"]

1. e4 Nc6 2. Nf3 d6 3. h3 g6 4. d4 Bg7 5. Be3 Nf6 6. Nc3 0-0 7. Qd2 Re8 8. 0-0-0 a5 9. Bb5 Nd7 10. e5 Nb4 11. e6 fxe6 12. Ng5 Nf6 13. Bxe8 Qxe8 14. a3 Nbd5 15. Rhe1 b5 16. Nxd5 exd5 17. Bf4 b4 18. Qe3 Qc6 19. g4 Bd7 20. Rd3 Re8 21. Ne6 Qc4 22. Kb1 Ne4 23. Nxg7 Kxg7 24. f3 Nf6 25. h4 c5 26. dxc5 dxc5 27. b3 Qb5 28. a4 Qc6 29. Qe5 c4 30. Rd2 Kf7 31. h5 Rc8 32. Qxe7+ Kg8 33. Bh6 1-0

[Event "Creon op 16th"]
[Site "Creon"]
[Date "2011.08.02"]
[Round "3"]
[White "Mestdagh, Franck"]
[Black "Epishin, Vladimir"]
[Result "0-1"]
[WhiteElo "1948"]
[BlackElo "2553"]
[PlyCount "56"]
[EventDate "2011.08.01"]
[EventType "swiss"]
[EventRounds "9"]
[EventCountry "FRA"]
[SourceTitle "CBM 143 Extra"]
[Source "ChessBase"]
[SourceDate "2011.08.29"]
[SourceVersion "1"]
[SourceVersionDate "2011.08.29"]
[SourceQuality "1"]

1. e4 c5 2. Nf3 d6 3. c3 Nf6 4. Be2 Nbd7 5. d3 b6 6. 0-0 Bb7 7. Re1 e6 8. Bg5 Be7 9. Nbd2 0-0 10. Bf1 h6 11. Bh4 Nh5 12. Bg3 Nxg3 13. hxg3 d5 14. exd5 Bxd5 15. d4 Qc7 16. c4 Bxf3 17. Nxf3 cxd4 18. Nxd4 Rfd8 19. Nb5 Qb8 20. Qc2 Nf6 21. Be2 a6 22. Nc3 Bc5 23. Rad1 Qxg3 24. Bf3 Ng4 25. Ne4 Qh2+ 26. Kf1 Ne5 27. Qc3 Nxf3 28. Qxf3 Bb4 0-1

[Event "La Fere op 10th"]
[Site "La Fere"]
[Date "2011.07.05"]
[Round "5.20"]
[White "Mestdagh, Franck"]
[Black "Rouffignac, Marie"]
[Result "0-1"]
[WhiteElo "1948"]
[BlackElo "1568"]
[PlyCount "142"]
[EventDate "2011.07.02"]
[EventType "swiss"]
[EventRounds "9"]
[EventCountry "FRA"]
[SourceTitle "EXT 2012"]
[Source "ChessBase"]
[SourceDate "2011.11.24"]
[SourceVersion "1"]
[SourceVersionDate "2011.11.24"]
[SourceQuality "1"]

1. e4 e5 2. Nf3 Nc6 3. Bc4 Bc5 4. b4 Bxb4 5. c3 Ba5 6. d4 exd4 7. 0-0 d6 8. cxd4 Bg4 9. Qb3 Qd7 10. d5 Nd8 11. Bb2 f6 12. Nd4 Bb6 13. Nd2 Nh6 14. Bb5 c6 15. dxc6 bxc6 16. Bd3 Bxd4 17. Bxd4 Ne6 18. Be3 Nf7 19. Rfe1 Ne5 20. Bf1 Bh5 21. h3 Bf7 22. Qa4 Nd8 23. f4 Ng6 24. Nc4 0-0 25. Nb6 axb6 26. Qxa8 b5 27. Qa3 Re8 28. Red1 Nb7 29. Be2 Rxe4 30. Bf3 Ra4 31. Qc3 Rc4 32. Qa3 Ra4 33. Qc3 Rc4 34. Qd2 Qf5 35. Rac1 Ne7 36. Rxc4 Bxc4 37. Bg4 Qd5 38. Qc2 Qf7 39. a4 Bb3 40. Qe4 f5 41. Bxf5 Nxf5 42. Re1 Nxe3 43. Rxe3 Bd5 44. Qc2 Qg6 45. Qe2 h6 46. axb5 cxb5 47. g4 Bc4 48. Qe1 Nc5 49. f5 Qf6 50. Qd2 Qa1+ 51. Re1 Nb3 52. Qf2 Qd4 53. Re3 Bd5 54. Kh2 Kh7 55. f6 Qxf6 56. Qc2+ Qg6 57. Qc8 Bf7 58. Qc3 Nc5 59. Qe1 Qc2+ 60. Re2 Qc4 61. Qf2 Nd3 62. Qf5+ Bg6 63. Qf8 Qf4+ 64. Qxf4 Nxf4 65. Rd2 d5 66. Kg3 Nd3 67. Kf3 b4 68. Ke3 b3 69. Rxd3 Bxd3 70. Kxd3 Kg6 71. Kc3 Kg5 0-1

[Event "La Fere op"]
[Site "La Fere"]
[Date "2010.07.10"]
[Round "9"]
[White "Mestdagh, Franck"]
[Black "Van Foreest, Jorden"]
[Result "0-1"]
[WhiteElo "1943"]
[BlackElo "1819"]
[PlyCount "156"]
[EventDate "2010.07.03"]
[EventType "swiss"]
[EventRounds "9"]
[EventCountry "FRA"]
[SourceTitle "CBM 137 Extra"]
[Source "ChessBase"]
[SourceDate "2010.09.01"]
[SourceVersion "1"]
[SourceVersionDate "2010.09.01"]
[SourceQuality "1"]

1. d4 Nf6 2. Nf3 d5 3. g3 Bf5 4. Bg2 e6 5. 0-0 Bd6 6. c4 0-0 7. Nc3 c6 8. Qb3 Qc7 9. Re1 Nbd7 10. Nd2 Rfe8 11. e4 dxe4 12. Ndxe4 Nxe4 13. Nxe4 Bxe4 14. Bxe4 Nf6 15. Bg2 Rad8 16. Be3 Ng4 17. Bg5 Be7 18. Bf4 Bd6 19. Bxd6 Rxd6 20. d5 cxd5 21. cxd5 e5 22. Rac1 Qd7 23. Rc6 Nf6 24. Rec1 Qe7 25. Rc7 Rd7 26. Qxb7 e4 27. Qxa7 h6 28. Rxd7 Nxd7 29. Qd4 Qg5 30. Rc7 Nf6 31. d6 Qa5 32. Qd1 Qb4 33. Qb3 Qxb3 34. axb3 Rd8 35. Bxe4 Nxe4 36. d7 Kf8 37. b4 Ke7 38. Rc2 Kxd7 39. f3 Nd6 40. Rd2 Rb8 41. Rd4 Ke6 42. Kf2 Nc8 43. Rd8 Ra8 44. Rg8 Kf6 45. Rd8 g6 46. Rh8 Kg7 47. Rd8 Nb6 48. Rxa8 Nxa8 49. Ke3 Kf6 50. Kd4 Ke7 51. b5 Kd6 52. h4 Nc7 53. b6 Ne6+ 54. Ke4 f5+ 55. Ke3 Kc6 56. g4 Kxb6 57. gxf5 gxf5 58. Kd3 Kc5 59. Kc3 h5 60. b3 Nd4 61. b4+ Kd5 62. Kd3 Nxf3 63. Ke3 Nxh4 64. Kf4 Kc4 65. Kg5 Ng6 66. Kxf5 h4 67. Kg4 Kxb4 68. Kh3 Kc4 69. Kg4 Kd4 70. Kh3 Ke5 71. Kg4 Kf6 72. Kh3 Kg5 73. Kg2 Kg4 74. Kh2 h3 75. Kh1 Kg3 76. Kg1 Nf4 77. Kh1 Nd3 78. Kg1 Nf2 0-1

[Event "Le Touquet op-A 24th"]
[Site "Le Touquet"]
[Date "2009.10.24"]
[Round "1"]
[White "Mestdagh, Franck"]
[Black "Song, Julien"]
[Result "0-1"]
[WhiteElo "1936"]
[BlackElo "2289"]
[PlyCount "56"]
[EventDate "2009.10.24"]
[EventType "swiss"]
[EventRounds "9"]
[EventCountry "FRA"]
[SourceTitle "EXT 2010"]
[Source "ChessBase"]
[SourceDate "2010.11.25"]
[SourceVersion "1"]
[SourceVersionDate "2010.11.25"]
[SourceQuality "1"]

1. d4 Nf6 2. Nf3 e6 3. g3 d5 4. Bg2 Be7 5. 0-0 0-0 6. c4 dxc4 7. Ne5 Nc6 8. Nxc6 bxc6 9. Qa4 Qxd4 10. Rd1 Qb6 11. Qxc4 Bc5 12. e3 Ba6 13. Qc2 Rad8 14. Nc3 Rxd1+ 15. Qxd1 Be7 16. b3 Rd8 17. Qf3 Qb4 18. Bb2 Rd2 19. Na4 Nd5 20. Rc1 Rxb2 21. Nxb2 Qd2 22. Qd1 Qxb2 23. Bxd5 exd5 24. Rxc6 Be2 25. Qc2 Qa1+ 26. Qc1 Qxc1+ 27. Rxc1 c5 28. Kg2 c4 0-1

[Event "Avoine op 24th"]
[Site "Avoine"]
[Date "2009.07.20"]
[Round "3"]
[White "Mestdagh, Franck"]
[Black "Lukasiewicz, Anna"]
[Result "1/2-1/2"]
[WhiteElo "1937"]
[BlackElo "2102"]
[PlyCount "43"]
[EventDate "2009.07.18"]
[EventType "swiss"]
[EventRounds "9"]
[EventCountry "FRA"]
[SourceTitle "CBM 131 Extra"]
[Source "ChessBase"]
[SourceDate "2009.09.03"]
[SourceVersion "2"]
[SourceVersionDate "2009.09.16"]
[SourceQuality "1"]

1. Nf3 Nf6 2. d4 g6 3. c4 Bg7 4. Nc3 0-0 5. e4 d6 6. Be2 e5 7. dxe5 dxe5 8. Qxd8 Rxd8 9. Nd5 Nxd5 10. cxd5 c6 11. Bc4 b5 12. Bb3 Bb7 13. Bg5 Rd7 14. Rc1 cxd5 15. Bxd5 Na6 16. Bxb7 Rxb7 17. Ke2 Nc7 18. Rc6 Ne6 19. Rhc1 Re8 20. Rc8 Rb8 21. Rxb8 Rxb8 22. Be3 1/2-1/2

[Event "La Fere op 8th"]
[Site "La Fere"]
[Date "2009.07.07"]
[Round "5"]
[White "Konguvel, Ponnuswamy"]
[Black "Mestdagh, Franck"]
[Result "1-0"]
[WhiteElo "2419"]
[BlackElo "1937"]
[PlyCount "51"]
[EventDate "2009.07.04"]
[EventType "swiss"]
[EventRounds "9"]
[EventCountry "FRA"]
[SourceTitle "CBM 131 Extra"]
[Source "ChessBase"]
[SourceDate "2009.09.03"]
[SourceVersion "2"]
[SourceVersionDate "2009.09.16"]
[SourceQuality "1"]

1. e4 c5 2. Nf3 d6 3. d4 cxd4 4. Nxd4 Nf6 5. Nc3 a6 6. Bc4 e6 7. Bb3 Qc7 8. Be3 Nc6 9. Qe2 Be7 10. 0-0-0 Na5 11. g4 b5 12. g5 Nxb3+ 13. axb3 Nd7 14. Nf5 exf5 15. Nd5 Qd8 16. exf5 Ne5 17. f4 Bxf5 18. fxe5 Rc8 19. exd6 Rxc2+ 20. Qxc2 Bxc2 21. Nc7+ Kf8 22. dxe7+ Qxe7 23. Nd5 Qd6 24. Kxc2 f6 25. gxf6 gxf6 26. Nxf6 1-0

[Event "FRA-ch op-B"]
[Site "Pau"]
[Date "2008.08.16"]
[Round "5"]
[White "Mestdagh, Franck"]
[Black "Pieragnoli, Bruno"]
[Result "1-0"]
[WhiteElo "1957"]
[BlackElo "1900"]
[PlyCount "31"]
[EventDate "2008.08.11"]
[EventType "swiss"]
[EventRounds "11"]
[EventCountry "FRA"]
[SourceTitle "CBM 126 Extra"]
[Source "ChessBase"]
[SourceDate "2008.11.05"]
[SourceVersion "1"]
[SourceVersionDate "2008.11.05"]
[SourceQuality "1"]

1. d4 d5 2. Nf3 Bf5 3. g3 Nf6 4. Bg2 e6 5. 0-0 Nbd7 6. c4 c6 7. Nc3 Bd6 8. Qb3 dxc4 9. Qxb7 Qc8 10. Qxc8+ Rxc8 11. Nd2 Nb6 12. e4 Bg6 13. e5 Bxe5 14. dxe5 Nfd5 15. a4 0-0 16. Be4 1-0

[Event "La Fere op 6th"]
[Site "La Fere"]
[Date "2007.07.07"]
[Round "1"]
[White "Torn, Bert"]
[Black "Mestdagh, Franck"]
[Result "1-0"]
[WhiteElo "2087"]
[BlackElo "1910"]
[PlyCount "41"]
[EventDate "2007.07.07"]
[EventType "swiss"]
[EventRounds "9"]
[EventCountry "FRA"]
[SourceTitle "CBM 119 Extra"]
[Source "ChessBase"]
[SourceDate "2007.09.04"]
[SourceVersion "1"]
[SourceVersionDate "2007.09.04"]
[SourceQuality "1"]

1. c4 e6 2. g3 Nf6 3. Bg2 d5 4. Nf3 Be7 5. 0-0 0-0 6. b3 Nbd7 7. Bb2 c6 8. d3 b5 9. Nbd2 Rb8 10. Qc2 a5 11. Nd4 Qb6 12. cxd5 cxd5 13. Nc6 Bd6 14. Nxb8 Qxb8 15. Nf3 e5 16. Qd2 Qb6 17. Rac1 Re8 18. e3 Nc5 19. Nxe5 Bxe5 20. Bxe5 Rxe5 21. d4 1-0

[Event "Avoine op 21th"]
[Site "Avoine"]
[Date "2006.07.24"]
[Round "1"]
[White "Dal Borgo, Albin"]
[Black "Mestdagh, Franck"]
[Result "1-0"]
[WhiteElo "2128"]
[BlackElo "1901"]
[PlyCount "93"]
[EventDate "2006.07.22"]
[EventType "swiss"]
[EventRounds "9"]
[EventCountry "FRA"]
[SourceTitle "EXT 2007"]
[Source "ChessBase"]
[SourceDate "2006.11.23"]
[SourceVersion "1"]
[SourceVersionDate "2006.11.23"]
[SourceQuality "1"]

1. d4 Nf6 2. Bg5 g6 3. Bxf6 exf6 4. e3 d6 5. g3 Nd7 6. c4 Nb6 7. b3 c6 8. Bg2 d5 9. c5 Nd7 10. Ne2 Be7 11. Nbc3 h5 12. h4 Nf8 13. b4 g5 14. b5 Ng6 15. Qa4 Bd7 16. bxc6 bxc6 17. Nxd5 cxd5 18. c6 Be6 19. Nc3 Kf8 20. Rb1 Rc8 21. Qxa7 Rxc6 22. Rb8 Rc8 23. Rxc8 Qxc8 24. Kd2 Kg7 25. Nxd5 Bxd5 26. Bxd5 Bb4+ 27. Ke2 Qc2+ 28. Kf1 Rf8 29. hxg5 Qb1+ 30. Kg2 Qf5 31. gxf6+ Qxf6 32. Rxh5 Be1 33. Bf3 Rh8 34. Rxh8 Kxh8 35. a4 Qf5 36. Qa8+ Kg7 37. Qe4 Qg5 38. Kf1 Ba5 39. Qd5 Qf6 40. Bh5 Bc7 41. Bxg6 Qxg6 42. Kg2 Qa6 43. Qg5+ Kh8 44. Qb5 Qa8+ 45. d5 Qd8 46. Qc4 Bd6 47. Qh4+ 1-0

[Event "La Fere op 5th"]
[Site "La Fere"]
[Date "2006.07.12"]
[Round "7"]
[White "Mestdagh, Franck"]
[Black "Belloc, Sidonie"]
[Result "1-0"]
[WhiteElo "1901"]
[BlackElo "1771"]
[PlyCount "69"]
[EventDate "2006.07.08"]
[EventType "swiss"]
[EventRounds "9"]
[EventCountry "FRA"]
[SourceTitle "CBM 113 Extra"]
[Source "ChessBase"]
[SourceDate "2006.09.14"]
[SourceVersion "1"]
[SourceVersionDate "2006.09.14"]
[SourceQuality "1"]

1. e4 e6 2. d4 d5 3. Nc3 Nf6 4. e5 Nfd7 5. f4 c5 6. Nf3 a6 7. Be3 Nc6 8. g3 Qb6 9. a3 cxd4 10. Nxd4 Nxd4 11. Bxd4 Qc7 12. Qd2 Be7 13. Bg2 b5 14. 0-0 Nb6 15. Qf2 Rb8 16. Rad1 0-0 17. g4 f6 18. Rd3 Nd7 19. Qh4 Qd8 20. Nxd5 Bb7 21. Nxe7+ Qxe7 22. exf6 Nxf6 23. g5 Nd5 24. Rh3 g6 25. Be5 Rbc8 26. Qf2 Qc5 27. Qxc5 Rxc5 28. Bd6 Rxc2 29. Bxf8 Kxf8 30. Rxh7 Bc6 31. Re1 Nxf4 32. Bxc6 Rxc6 33. Rd1 Nd5 34. Rf1+ Ke8 35. Rff7 1-0

[Event "La Fere op 4th"]
[Site "La Fere"]
[Date "2005.07.06"]
[Round "6"]
[White "Mestdagh, Franck"]
[Black "Mandon, Fabrice"]
[Result "0-1"]
[WhiteElo "1924"]
[BlackElo "2155"]
[PlyCount "68"]
[EventDate "2005.07.02"]
[EventType "swiss"]
[EventRounds "9"]
[EventCountry "FRA"]
[SourceTitle "CBM 107 Extra"]
[Source "ChessBase"]
[SourceDate "2005.09.01"]
[SourceVersion "1"]
[SourceVersionDate "2005.09.01"]
[SourceQuality "1"]

1. d4 Nf6 2. Nf3 d5 3. g3 c6 4. Bg2 Bf5 5. 0-0 h6 6. c4 e6 7. Nc3 Nbd7 8. b3 Bb4 9. Bb2 0-0 10. Nd2 Qa5 11. Rc1 Rfe8 12. a3 Bf8 13. f3 e5 14. b4 Qd8 15. dxe5 Nxe5 16. cxd5 cxd5 17. Kh1 a5 18. Nb5 axb4 19. Nc7 bxa3 20. Bxe5 Rxe5 21. Nxa8 Qxa8 22. Ra1 Bd7 23. e4 Ba4 24. Qc1 dxe4 25. Nxe4 Nxe4 26. fxe4 Qe8 27. Rf4 b5 28. Rxa3 Bxa3 29. Qxa3 Qe7 30. Qa2 Rc5 31. h4 Rc1+ 32. Kh2 Rc2 33. Qd5 b4 34. e5 Bc6 0-1

[Event "La Fere op 3rd"]
[Site "La Fere"]
[Date "2004.07.05"]
[Round "3"]
[White "Mestdagh, Franck"]
[Black "Visser, Henk Jan"]
[Result "0-1"]
[WhiteElo "1944"]
[BlackElo "2243"]
[PlyCount "124"]
[EventDate "2004.07.03"]
[EventType "swiss"]
[EventRounds "9"]
[EventCountry "FRA"]
[SourceTitle "CBM 101 Extra"]
[Source "ChessBase"]
[SourceDate "2004.09.01"]
[SourceVersion "2"]
[SourceVersionDate "2004.09.01"]
[SourceQuality "1"]

1. d4 Nf6 2. Nf3 e6 3. g3 c5 4. Bg2 Nc6 5. 0-0 cxd4 6. Nxd4 Qb6 7. Nb3 d5 8. Be3 Qc7 9. Nc3 Bb4 10. Nb5 Qd8 11. c3 Be7 12. Bc5 Bxc5 13. Nxc5 Qb6 14. Nd6+ Ke7 15. Nxc8+ Rhxc8 16. Nb3 Kf8 17. e3 Kg8 18. Qd2 Ne5 19. Qd4 Qc7 20. Rfc1 Nc4 21. Rc2 Rd8 22. Qc5 Qd7 23. Nd2 b6 24. Qd4 Nd6 25. Rac1 Rac8 26. c4 Nf5 27. Qe5 d4 28. e4 d3 29. Rc3 Nd4 30. Bf1 Ne2+ 31. Bxe2 dxe2 32. Nf3 Qb7 33. Re1 Rd1 34. Rc2 Rxe1+ 35. Nxe1 Qxe4 36. Qxe4 Nxe4 37. b3 Rd8 38. Rxe2 Nc5 39. Nc2 Kf8 40. Ne3 a5 41. Kf1 f5 42. Rc2 g5 43. Ke2 Ke7 44. Ng2 Na6 45. h4 h6 46. hxg5 hxg5 47. Ne1 Nc5 48. Nf3 Ne4 49. Ne5 Kf6 50. Nd3 Rh8 51. a3 Rh2 52. Kf3 g4+ 53. Kf4 Nxg3 54. Kxg3 Rh3+ 55. Kg2 Rxd3 56. c5 bxc5 57. Rxc5 a4 58. bxa4 Rxa3 59. Ra5 f4 60. Ra8 Ra2 61. Kg1 Kf5 62. a5 Ke4 0-1

[Event "La Fere op 3rd"]
[Site "La Fere"]
[Date "2004.07.03"]
[Round "1"]
[White "Dobrev, Nanko"]
[Black "Mestdagh, Franck"]
[Result "1-0"]
[WhiteElo "2415"]
[BlackElo "1944"]
[PlyCount "85"]
[EventDate "2004.07.03"]
[EventType "swiss"]
[EventRounds "9"]
[EventCountry "FRA"]
[SourceTitle "CBM 101 Extra"]
[Source "ChessBase"]
[SourceDate "2004.09.01"]
[SourceVersion "2"]
[SourceVersionDate "2004.09.01"]
[SourceQuality "1"]

1. d4 Nf6 2. Nf3 c5 3. c3 e6 4. g3 d5 5. Bg2 Be7 6. 0-0 0-0 7. Ne5 Nbd7 8. Nxd7 Nxd7 9. e4 dxe4 10. Bxe4 Nf6 11. Bg2 cxd4 12. cxd4 Qb6 13. Qb3 Qxb3 14. axb3 Rd8 15. Nd2 Nd5 16. Nc4 Bd7 17. Re1 Bb4 18. Re5 Be8 19. h4 a6 20. h5 h6 21. f4 Bc6 22. f5 exf5 23. Rxf5 Ne7 24. Rf4 Bxg2 25. Kxg2 Nd5 26. Rf5 Ne7 27. Rf4 Nd5 28. Rf3 Re8 29. Ne5 Re7 30. Nd3 Rae8 31. Rf5 Rd8 32. Kf3 a5 33. g4 b6 34. Ne5 Rd6 35. Bf4 Nxf4 36. Rxf4 f6 37. Ng6 Re8 38. Re4 Rde6 39. Rxe6 Rxe6 40. Rc1 Re1 41. Rc6 Bd2 42. Rc8+ Kf7 43. Rc7+ 1-0